000
00228nam a2200097Ia 4500
008
230508s1989 xx 000 0 und d
041
_a
eng
100
_a
MALI & CHOUDHARI
245
_a
MECHANICAL TECHNOLOGY- S.Y.
260
_c
1989
999
_c
738973
_d
738973